Global Marketing (Record no. 86514)
[ view plain ]
| 000 -LEADER | |
|---|---|
| fixed length control field | 00553nam a2200193Ia 4500 |
| 008 - FIXED-LENGTH DATA ELEMENTS--GENERAL INFORMATION | |
| fixed length control field | 230125s9999 xx 000 0 und d |
| 020 ## - INTERNATIONAL STANDARD BOOK NUMBER | |
| International Standard Book Number | 1-84112-191-6 |
| 041 ## - LANGUAGE CODE | |
| Language code of text/sound track or separate title | eng |
| 082 ## - DEWEY DECIMAL CLASSIFICATION NUMBER | |
| Classification number | 658.8 |
| Item number | LAM |
| 100 ## - MAIN ENTRY--PERSONAL NAME | |
| Personal name | Lamont D |
| 9 (RLIN) | 109834 |
| 245 ## - TITLE STATEMENT | |
| Title | Global Marketing |
| 260 ## - PUBLICATION, DISTRIBUTION, ETC. (IMPRINT) | |
| Date of publication, distribution, etc. | 2002 |
| Name of publisher, distributor, etc. | Capstone publication |
| Place of publication, distribution, etc. | London |
| 300 ## - PHYSICAL DESCRIPTION | |
| Extent | 132p |
| 440 ## - SERIES STATEMENT/ADDED ENTRY--TITLE | |
| Title | Essential Management Thinking At Your Fingertips Series |
| 9 (RLIN) | 107434 |
| 500 ## - GENERAL NOTE | |
| Keywords | Globalization;Series Book;Marketing Series Book |
| 700 ## - ADDED ENTRY--PERSONAL NAME | |
| Personal name | Lamont D |
| 9 (RLIN) | 109834 |
| 906 ## - LOCAL DATA ELEMENT F, LDF (RLIN) | |
| b | 24 |
| Withdrawn status | Lost status | Damaged status | Not for loan | Home library | Current library | Date acquired | Vendor | Cost, normal purchase price | Bill number | Total Checkouts | Full call number | Barcode | Date last seen | Cost, replacement price | Bill Date | Koha item type | Original Barcode |
|---|---|---|---|---|---|---|---|---|---|---|---|---|---|---|---|---|---|
| Smt. Hiraben Nanavati Institute of Management & Research for Women | Smt. Hiraben Nanavati Institute of Management & Research for Women | 28/04/2003 | The Word Book Shop | 160.00 | 15931 | 658.8 LAM B03431 | HIMR-BK-3431 | 25/01/2023 | 136.00 | 10/04/2003 | Books | B03431 | |||||
| Smt. Hiraben Nanavati Institute of Management & Research for Women | Smt. Hiraben Nanavati Institute of Management & Research for Women | 04/02/1998 | System sales | 450.00 | 6099/29.01.98 | 658.8 LAM B00887 | HIMR-BK-887 | 25/01/2023 | 382.00 | 04/02/1998 | Books | B00887 |